Thanh toán quốc tế trong ngoại thương & tài trợ thương mại quốc tế
Trình bày kiến thức về thanh toán quốc tế và tài trợ quốc tế
Wedi'i Gadw mewn:
| Prif Awdur: | |
|---|---|
| Fformat: | Llyfr |
| Iaith: | Undetermined |
| Cyhoeddwyd: |
Hà Nội
Thống kê
2014
|
| Pynciau: | |
| Tagiau: |
Ychwanegu Tag
Dim Tagiau, Byddwch y cyntaf i dagio'r cofnod hwn!
|
| Thư viện lưu trữ: | Trung tâm Học liệu Trường Đại học Cần Thơ |
|---|
| LEADER | 00849nam a2200217Ia 4500 | ||
|---|---|---|---|
| 001 | CTU_201863 | ||
| 008 | 210402s9999 xx 000 0 und d | ||
| 020 | |c 98000 | ||
| 082 | |a 332.1752 | ||
| 082 | |b Tr312 | ||
| 100 | |a Đinh, Xuân Trình | ||
| 245 | 0 | |a Thanh toán quốc tế trong ngoại thương & tài trợ thương mại quốc tế | |
| 245 | 0 | |c Đinh Xuân Trình | |
| 260 | |a Hà Nội | ||
| 260 | |b Thống kê | ||
| 260 | |c 2014 | ||
| 520 | |a Trình bày kiến thức về thanh toán quốc tế và tài trợ quốc tế | ||
| 650 | |a Foreign trade,International economic relations,Thương mại quốc tế | ||
| 650 | |x management,Quản trị,Quan hệ kinh tế quốc tế | ||
| 904 | |i Nguyên | ||
| 980 | |a Trung tâm Học liệu Trường Đại học Cần Thơ | ||